Directorio moral del reverendo padre Fr. Francisco Echarri, del Orden de N.P.S. Francisco de la Regular Observancia (Record no. 8574)

MARC details
000 -CABECERA
campo de control de longitud fija 01937nam a2200253 a 4500
001 - NÚMERO DE CONTROL
campo de control BRCA_8923
005 - FECHA Y HORA DE LA ÚLTIMA TRANSACCIÓN
campo de control 20190320210447.0
008 - DATOS DE LONGITUD FIJA--INFORMACIÓN GENERAL
campo de control de longitud fija 280617s1788----sp-#######---#000-0#spa-#
041 ## - CÓDIGO DE LENGUA
Código de lengua del texto/banda sonora o título independiente spa
044 ## - CÓDIGO DEL PAÍS DE LA ENTIDAD EDITORA/PRODUCTORA
Código MARC del país sp
084 ## - OTRO NÚMERO DE CLASIFICACIÓN
Número de clasificación LE6
Número de documento/Ítem .E24 1788
100 1# - ENTRADA PRINCIPAL--NOMBRE DE PERSONA
Nombre de persona Echarri, Francisco
9 (RLIN) 21904
245 10 - MENCIÓN DE TÍTULO
Título Directorio moral del reverendo padre Fr. Francisco Echarri, del Orden de N.P.S. Francisco de la Regular Observancia
Mención de responsabilidad, etc. tercera vez ilustrado con adiciones por via de notas, y exactamente corregido por Don Francisco Giron y Serrado, presbítero; Tomo primero.
260 ## - PUBLICACIÓN, DISTRIBUCIÓN, ETC.
Lugar de publicación, distribución, etc. Madrid
Nombre del editor, distribuidor, etc. En la Imprenta Real
Fecha de publicación, distribución, etc. 1788
300 ## - DESCRIPCIÓN FÍSICA
Extensión 528 p. (t.1)
Dimensiones 21.5 x 15.5 cm
500 ## - NOTA GENERAL
Nota general Con las licencias necesarias
500 ## - NOTA GENERAL
Nota general Estado físico: presenta encuadernación en pergamino, con lomo semi desprendido y cintas rotas
500 ## - NOTA GENERAL
Nota general Con marca de fuego: “Procedencia de la marca: Convento de San Francisco Santa María del Pueblito de Querétaro(1). Institución: Orden de Frailes Menores. Provincia de San Pedro y San Pablo de Michoacán. Descripción: Monograma conformado por las iniciales “P”, “u”, “E” seguidas de “b”, “I”, “T” y “o” que se desata como Pueblito(2) dentro de un filete en forma de rombo. Observaciones: Krausse la incluye entre las marcas no identificadas. David Saavedra la identifica como del Convento Franciscano de Santa María del Pueblito, Villa Corregidora de Querétaro. Con el testimonio de pertenencia ubicado en este ejemplar se corrobora la atribución realizada por David Saavedra. Ubicación de la marca en el libro: Canto superior, inferior y lateral”
650 14 - PUNTO DE ACCESO ADICIONAL DE MATERIA--TÉRMINO DE MATERIA
Término de materia o nombre geográfico como elemento de entrada Teología moral
Subdivisión cronológica Obras anteriores a 1800
9 (RLIN) 21355
700 1# - PUNTO DE ACCESO ADICIONAL--NOMBRE DE PERSONA
Nombre de persona Giron y Serrado, Francisco
9 (RLIN) 21905
856 ## - LOCALIZACIÓN Y ACCESO ELECTRÓNICOS
Nombre del host http://www.marcasdefuego.buap.mx:8180/xmLibris/projects/firebrand/item.jsp?repository=marcas_de_fuego&key=marcas_de_fuego_franciscanas_20150618135223_2ccc.xml&num=124
902 ## - CATALOGADOR
Iniciales CFM
942 ## - ELEMENTOS DE PUNTO DE ACCESO ADICIONAL (KOHA)
Fuente del sistema de clasificación o colocación Library of Congress Classification
Tipo de ítem Koha Libros
Holdings
Estado de retiro Estado de pérdida Estado dañado No para préstamo Localización permanente Ubicación/localización actual Fecha de adquisición Total de préstamos Signatura topográfica completa Código de barras Fecha visto por última vez Precio válido a partir de Tipo de ítem Koha
El ejemplar forma parte de la colección y puede ser consultado según las políticas vigentes.       Biblioteca del Museo Franz Mayer (Rogerio Casas-Alatriste) Biblioteca del Museo Franz Mayer (Rogerio Casas-Alatriste) 28/06/2017   LE6 .E24 1788 CFM00245 22/03/2019 22/03/2019 Libros